Redes malladas ópticas en la red de transmisión del ICE
Guardado en:
| Hovedforfatter: | |
|---|---|
| Format: | Bog |
| Udgivet: |
[San José, Costa Rica]
2004
|
| Fag: | |
| Tags: |
Tilføj Tag
Ingen Tags, Vær først til at tagge denne postø!
|
MARC
| LEADER | 00000nam a2200000Ia 4500 | ||
|---|---|---|---|
| 003 | 009599 | ||
| 005 | 20221231144127.0 | ||
| 008 | 140114s2004 cr a m 000 ||s d | ||
| 040 | |c cru CEDI | ||
| 090 | |a TFG 5140 | ||
| 100 | |a Hernández Amador, Robert |9 5860 | ||
| 245 | |a Redes malladas ópticas en la red de transmisión del ICE | ||
| 260 | |c 2004 |a [San José, Costa Rica] | ||
| 300 | |a viii, 58, [38] hojas : ilustraciones a color | ||
| 500 | |a Tesis (maestría profesional en ingeniería eléctrica mención en comunicaciones digitales)--Universidad de Costa Rica, Sistema de Estudios de Posgrado, Escuela de Ingeniería Eléctrica Incluye apéndice: "Especificaciones Técnicas equipos cross-conectores marca NEC, Alcatel y Lucent" | ||
| 650 | |x INSTITUTO COSTARRICENSE DE ELECTRICIDAD |x REDES DE TELECOMUNICACIONES |x INVESTIGACIONES |x COSTA RICA |9 5861 | ||
| 942 | |c TFG | ||
| 999 | |c 17283 |d 17283 | ||
